000 00271nam a22000977a 4500
008 230426b |||||||| |||| 00| 0 eng d
020 _a9781444955293
100 _aBlyton Guid
_97607
245 _aThe Mystery of the Strange Messages
260 _aLondon
_bHodder Childrens Books
999 _c12283
_d12283